ბათუმის შოთა რუსთაველის სახელმწიფო უნივერსიტეტის ბიბლიოთეკა

სპორტი სპეციალური საჭიროების მქონე მოსწავლეებისათვის : (ბიბ.ჩანაწერი № 46285)

000 -ლიდერი
ფიქსირებული სიგრძის საკონტროლო ველი 01495nam a2200265Ia 4500
001 - საკონტროლო ნომერი
საკონტროლო ველი 13119
003 - საკონტროლო ნომრის იდენტიფიკატორი
საკონტროლო ველი GE_BSU
005 - ბოლო ოპერაციის თარიღი და დრო
საკონტროლო ველი 20240830160411.0
008 - ფიქსირებული სიგრძის მონაცემთა ელემენტები - ზოგადი ინფორმაცია
ფიქსირებული სიგრძის საკონტროლო ველი 181216s2014||||ge |||||||||||||| ||geo||
020 ## - წიგნის საერთაშორისო სტანდარტული ნომერი
International Standard Book Number 9789941051852
040 ## - კატალოგიზაციის წყარო
Transcribing agency GE_BSU
041 ## - ენის კოდი
Language code of text/sound track or separate title geo
080 ## - უნივერსალური ათობითი კლასიფიკაციის ინდექსი
Universal Decimal Classification number 376+37.037.1 ს-76
245 ## - ცნობა სათაურის შესახებ
Title სპორტი სპეციალური საჭიროების მქონე მოსწავლეებისათვის :
Remainder of title გზამკვლევი მასწავლებლებისათვის /
Statement of responsibility, etc პ/მგ რედ. თათია პაჭკორია.
264 ## - წარმოების, გამოცემის, დისტრიბუციის და სხვა ცნობები
გამოცემის, წარმოების, დისტრიბუციის... ადგილი თბილისი :
გამოცემის, წარმოების, დისტრიბუციის... სახელწოდება პეტიტი,
გამოცემის, წარმოების, დისტრიბუციის... თარიღი 2013.
300 ## - ფიზიკური აღწერა
Extent 144 გვ. :
Other physical details ილ. , ცხრ. ;
Dimensions 23 სმ.
490 ## - სერიის ცნობა
Series statement ინკლუზიური განათლება
500 ## - ზოგადი შენიშვნა
General note მცირე ტერმინოლ. ლექსიკონი : გვ. 136-143
504 ## - BIBLIOGRAPHY, ETC. NOTE
Bibliography, etc ბიბლიოგრაფია : გვ. 144
653 ## - INDEX TERM--UNCONTROLLED
Uncontrolled term სპორტი სპეციალური საჭიროების მქონე მოსწავლეებისათვის
653 ## - INDEX TERM--UNCONTROLLED
Uncontrolled term სპორტული აღზრდა ფიზიკური ნაკლის მქონე ბაშვშვებში
653 ## - INDEX TERM--UNCONTROLLED
Uncontrolled term ინკლუზიური განათლება
700 ## - ADDED ENTRY--PERSONAL NAME
Personal name პაჭკორია, თათია
Relator term რედაქტორი
9 (RLIN) 2628
942 ## - ADDED ENTRY ELEMENTS (KOHA)
Koha item type წიგნი
Source of classification or shelving scheme
ეგზემპლარები
ჩამოწერის სტატუსი დაკარგული ეგზემპლარის სტატუსი კლასიფიკაციის წყარო ან თაროზე გაწყობის სქემა დაზიანების სტატუსი არ გაიცემა მუდმივი მდებარეობა (დაცვის ადგილი) ამჟამინდელი ადგილსამყოფელი თაროზე განთავსების ადგილი შეძენის თარიღი სრული შენახვის შიფრი შტრიხკოდი ბოლო ოპერაციის თარიღი ეგზემპლარის მიმდევრობითი ნომერი (კეტერი?) ფასის ძალაში შესვლის თარიღი ეგზემპლარის სახეობა
          ბათუმის შოთა რუსთაველის სახელმწიფო უნივერსიტეტის მთავარი ბიბლიოთეკა ბათუმის შოთა რუსთაველის სახელმწიფო უნივერსიტეტის მთავარი ბიბლიოთეკა წიგნსაცავი 2018-12-17 376+37.037.1 ს-76 27224 2018-12-17 27224 2018-12-17 წიგნი
          ბათუმის შოთა რუსთაველის სახელმწიფო უნივერსიტეტის მთავარი ბიბლიოთეკა ბათუმის შოთა რუსთაველის სახელმწიფო უნივერსიტეტის მთავარი ბიბლიოთეკა წიგნსაცავი 2018-12-17 376+37.037.1 ს-76 27225 2018-12-17 27225 2018-12-17 წიგნი
          ბათუმის შოთა რუსთაველის სახელმწიფო უნივერსიტეტის მთავარი ბიბლიოთეკა ბათუმის შოთა რუსთაველის სახელმწიფო უნივერსიტეტის მთავარი ბიბლიოთეკა წიგნსაცავი 2018-12-17 376+37.037.1 ს-76 27226 2018-12-17 27226 2018-12-17 წიგნი
          ბათუმის შოთა რუსთაველის სახელმწიფო უნივერსიტეტის მთავარი ბიბლიოთეკა ბათუმის შოთა რუსთაველის სახელმწიფო უნივერსიტეტის მთავარი ბიბლიოთეკა წიგნსაცავი 2018-12-17 376+37.037.1 ს-76 27227 2018-12-17 27227 2018-12-17 წიგნი